International business : An integrated approach
| Main Author: | |
|---|---|
| Format: | Book |
| Published: |
Upper Saddle River :
NJ Prentice Hall ,
1999
|
| Subjects: |
MARC
| LEADER | 00000cam a2200000 7i4500 | ||
|---|---|---|---|
| 001 | 0000013053 | ||
| 005 | 20050429.0 | ||
| 020 | |a 0130316768 | ||
| 040 | |a INS | ||
| 090 | 0 | 0 | |a HD62.4. |b W568 1999 |
| 100 | 1 | |a Wild, John J, | |
| 245 | 1 | 0 | |a International business : |b An integrated approach |c John J. Wild |
| 260 | |a Upper Saddle River : |b NJ Prentice Hall , |c 1999 | ||
| 300 | |a xxvi : |b 573p ; |c 26cm. | ||
| 650 | 0 | 0 | |a International Business Enterprises Management |
| 999 | |a 0000013832 |b BOOK |c Open Shelf |e Default branch | ||